| 000 | 00645nam a2200229 a 4500 | ||
|---|---|---|---|
| 001 | BRL_797 | ||
| 005 | 20190320210913.0 | ||
| 008 | 071013s1986----mx-a######---#000-p#spa-# | ||
| 041 | _aspa | ||
| 044 | _amx | ||
| 050 | 4 |
_aPQ6174.95 _b.P37 1986 |
|
| 100 | 1 |
_aPast, Ambar _924978 |
|
| 245 | 1 | 0 |
_aMar inclinada _cAmbar Past ; Miguel Angél Hernández. |
| 260 |
_aTuxtla Gutiérez, Oaxaca _bRodrigo Núñez, editores _c1986 |
||
| 300 |
_a35 p. _bil. _c16 cm. |
||
| 500 | _aAu947 | ||
| 500 | _aIncluye dedicatoria a Ruth Lechuga | ||
| 650 | 1 | 4 |
_aPoesía _917631 |
| 700 | 1 |
_aHernández, Miguel Angel _eil. _924979 |
|
| 902 | _aGRL | ||
| 942 |
_2lcc _cB |
||
| 999 |
_c9609 _d9609 |
||